000 00540nam a2200157 i 4500
001 32230
003 ES-MaACL
007 t|
008 030130s1982 sp ||||1| spa d
100 1 _aBernecker, Walther L.
_928311
245 1 0 _aColectividades y revolución social
_b: el anarquismo en la guerra civil española, 1936-1939 /
_cWalther L. Bernecker ; traducción de Gustau Muñoz.
260 _aBarcelona :
_bCrítica,
_c[1982]
300 _a524 p. ;
_c20 cm.
700 1 _aMuñoz, Gustau.
_984309
852 _aES-MaACL
_jL-4574
_bR.105143
999 _c32230
_d32230